Statistics for Countries Bordering Austria

Click here to take the quiz!

General Stats

  • This quiz has been taken 27,977 times
  • The average score is 7 of 8

Answer Stats

Length (km) Country % Correct
784Germany
100%
164Switzerland
97%
430Italy
96%
362Czech Republic
94%
366Hungary
94%
91Slovakia
91%
330Slovenia
90%
35Liechtenstein
86%

Score Distribution

Percentile by Number Answered

Percent of People with Each Score

Your Score History

You have not taken this quiz